000 00386nam a22001097a 4500
082 _a610
100 _aआचार्य बालकृष्ण
_983027
245 _aअष्टाङ्गहृदयम्
260 _aहरिद्वार
_bदिव्य प्रकाशन
_c2014
650 _aआयुर्वेद चिकित्सा
_983028
942 _cHIN
999 _c67782
_d67782